000 00267nam a2200109Ia 4500
008 200302s9999 xx 000 0 und d
100 _aR. A. Reynolds
245 _aComputer Methods for Architects
260 _bButterworth & Co. Ltd.
260 _c1980
300 _a149 P.,
999 _c302
_d302